[Event "Biel MTO op 47th"]
[Site "Biel"]
[Date "2014.07.21"]
[Round "7"]
[White "Studer, Noel"]
[Black "Grandadam, Patrick"]
[Result "1-0"]
[WhiteElo "2375"]
[BlackElo "2243"]
[PlyCount "80"]
[EventDate "2014.07.14"]
[EventType "swiss"]
[EventRounds "11"]
[EventCountry "SUI"]
[SourceTitle "CBM 161 Extra"]
[Source "ChessBase"]
[SourceDate "2014.08.29"]
[SourceVersion "1"]
[SourceVersionDate "2014.08.29"]
[SourceQuality "1"]

1. e4 c5 2. Nf3 Nc6 3. Bb5 g6 4. Bxc6 dxc6 5. h3 Bg7 6. d3 Nf6 7. 0-0 0-0 8. Qe2 Ne8 9. Nbd2 Nc7 10. c3 b6 11. Rd1 e5 12. Nc4 Qe7 13. Bg5 f6 14. Bh4 Ba6 15. Ne3 Ne6 16. Qc2 Qf7 17. Bg3 Rfd8 18. a4 Rd7 19. a5 b5 20. b4 cxb4 21. cxb4 Rc8 22. Rac1 c5 23. Qb1 cxb4 24. Rxc8+ Bxc8 25. Qxb4 a6 26. d4 exd4 27. Nxd4 Bf8 28. Qb2 Bb7 29. Kh2 Bxe4 30. Nxe6 Rxd1 31. Nxf8 Rd8 32. Ng4 Kxf8 33. Nxf6 Ba8 34. Bf4 Qb7 35. f3 b4 36. Ng4 b3 37. Qh8+ Kf7 38. Qxd8 b2 39. Nh6+ Kg7 40. Be5+ Kxh6 1-0

[Event "Biel MTO op 47th"]
[Site "Biel"]
[Date "2014.07.19"]
[Round "6"]
[White "Grandadam, Patrick"]
[Black "Cebalo, Miso"]
[Result "1/2-1/2"]
[WhiteElo "2243"]
[BlackElo "2426"]
[PlyCount "68"]
[EventDate "2014.07.14"]
[EventType "swiss"]
[EventRounds "11"]
[EventCountry "SUI"]
[SourceTitle "CBM 161 Extra"]
[Source "ChessBase"]
[SourceDate "2014.08.29"]
[SourceVersion "1"]
[SourceVersionDate "2014.08.29"]
[SourceQuality "1"]

1. Nf3 Nf6 2. c4 d6 3. d4 Nbd7 4. Nc3 e5 5. e4 c6 6. Be2 Be7 7. 0-0 0-0 8. Qc2 Re8 9. Rd1 Qc7 10. Rb1 Nf8 11. b4 Bg4 12. Be3 Ng6 13. h3 Bxf3 14. Bxf3 exd4 15. Bxd4 Nd7 16. Be3 Bf6 17. Qd2 Nb6 18. Be2 Rad8 19. f3 Ne5 20. Bxb6 Qxb6+ 21. Kh1 Ng6 22. Bf1 h6 23. Ne2 Qc7 24. g3 d5 25. cxd5 cxd5 26. exd5 Re5 27. d6 Qc6 28. Bg2 Re6 29. f4 Rexd6 30. Qxd6 Qxd6 31. Rxd6 Rxd6 32. Bxb7 Rd2 33. Ba6 Rxa2 34. Bc4 Rb2 1/2-1/2

[Event "Biel MTO op 47th"]
[Site "Biel"]
[Date "2014.07.14"]
[Round "1"]
[White "Solak, Dragan"]
[Black "Grandadam, Patrick"]
[Result "1-0"]
[WhiteElo "2639"]
[BlackElo "2243"]
[PlyCount "87"]
[EventDate "2014.07.14"]
[EventType "swiss"]
[EventRounds "11"]
[EventCountry "SUI"]
[SourceTitle "CBM 161 Extra"]
[Source "ChessBase"]
[SourceDate "2014.08.29"]
[SourceVersion "1"]
[SourceVersionDate "2014.08.29"]
[SourceQuality "1"]

1. e4 c5 2. Nc3 a6 3. a4 e6 4. g3 Nc6 5. Bg2 g6 6. d3 Bg7 7. Be3 Nd4 8. f4 Ne7 9. Nf3 Nec6 10. e5 d6 11. exd6 f5 12. 0-0 Qxd6 13. Nd2 0-0 14. Nc4 Qd8 15. a5 Rb8 16. Na4 Nxa5 17. Nxa5 Qxa5 18. c3 Nc6 19. Bxc5 Re8 20. Bb6 Qb5 21. Bc7 Ra8 22. d4 Bd7 23. Nb6 Rac8 24. Nxc8 Rxc8 25. Be5 Bf8 26. Qd2 Na5 27. Rab1 Nc4 28. Qe2 Bc6 29. Rfe1 Bxg2 30. Qxg2 Rc6 31. Re2 a5 32. Rbe1 a4 33. h3 a3 34. bxa3 Nxa3 35. d5 Qxd5 36. Qxd5 exd5 37. Rd2 Nb5 38. Rxd5 Nxc3 39. Rd8 Ne4 40. Rb1 b6 41. Ra1 Kf7 42. Ra7+ Be7 43. g4 h6 44. Rh8 1-0